000 01038nam a22002777a 4500
003 St Aloysius Coll
005 20260228154246.0
008 260228b |||||||| |||| 00| 0 eng d
020 _a9789370609983
040 _cAL
041 _aEnglish
082 _a574.192
_bVOEF
100 _aDonald Voet
_9257193
245 _aFundamentals of biochemistry
250 _a6
260 _aNew Delhi
_bWiley
_c2026
300 _axxiv, 1014p.
_bHB
_c28x22cm
365 _2General
_a6272
_b₹4676.00
_c
_d₹5995.00
_e22%
520 _aLife cells and thermodynamics; Physical and chemical properties of water; Amino acids the building blocks of proteins; Proteins structure and folding; Carbohydrates Nucleotides nucleic acids and genetic information Lipids bilayers and membranes; Passive and active transport
650 _2Biology
_aBiochemistry
_9257194
700 _aVoet, Judith
_9257195
700 _aPratt, Charlotte W
_9257196
700 _aHeilman, Destin
_9257197
700 _aWoski, Stephen
_9257198
942 _2ddc
_cBK
999 _c240975
_d240975